=LDR 00000nam 2200000 4500 =001 INLIS000000000022556 =005 20130612121313 =008 ***********************************Ind** =035 ##$$0010-061300000022556 =041 ##$$a Ind =082 ##$$a 658.022 =090 ##$$a 658.022 =100 ##$$a Marbun, B.N =245 ##$$a Manajemen Perusahaan Kecil, Dilengkapi dengan UU. tentang usaha kecil dan daftar istilah manajemen, B.N. Marbun =260 ##$$a 1996 $b Jakarta =300 ##$$a vii, 166 hlm., ilus, 24 cm =650 ##$$a Usaha kecil-Manajemen =850 ##$$a NBPNMAT =990 ##$$a 2090101173/BPAP-NTB/2015